[Event "2nd Goa GM Open 2019"]
[Site "Goa"]
[Date "2019.06.20"]
[Round "4.13"]
[White "Raja Rithvik R"]
[Black "Malakhatko, Vadim"]
[Result "0-1"]
[WhiteElo "2381"]
[BlackElo "2505"]
[Annotator "ChessBase"]
[PlyCount "108"]
[EventDate "2019.06.17"]
[EventType "swiss"]
[EventCountry "IND"]
[SourceTitle "playchess.com"]
[Source "ChessBase"]
[SourceQuality "1"]
[TimeControl "5400+30"]

1. c4 {[%emt 0:00:00]} c6 {[%emt 0:25:32]} 2. Nf3 {[%emt 0:00:00]} d5 {[%emt 0:00:07]} 3. e3 {[%emt 0:00:00]} Nf6 {[%emt 0:00:06]} 4. Nc3 {[%emt 0:00:02]} a6 {[%emt 0:00:06]} 5. Qc2 {[%emt 0:00:38]} e6 {[%emt 0:04:13]} 6. b3 {[%emt 0:00:16]} c5 {[%emt 0:03:03]} 7. Bb2 {[%emt 0:02:28]} Nc6 {[%emt 0:00:16]} 8. a3 {[%emt 0:07:20]} d4 {[%emt 0:06:07]} 9. exd4 {[%emt 0:00:12]} cxd4 {[%emt 0:00:14]} 10. Ne4 {[%emt 0:00:13]} Nxe4 {[%emt 0:06:57]} 11. Qxe4 {[%emt 0:00:03]} f5 {[%emt 0:00:12]} 12. Qe2 {[%emt 0:03:00]} Be7 {[%emt 0:00:34]} 13. g3 {[%emt 0:01:22]} Bf6 {[%emt 0:00:21]} 14. d3 {[%emt 0:00:16]} O-O {[%emt 0:00:07]} 15. Bg2 {[%emt 0:00:06]} e5 {[%emt 0:01:20]} 16. O-O {[%emt 0:06:54]} Re8 {[%emt 0:02:09]} 17. Nd2 {[%emt 0:05:12]} Be6 {[%emt 0:00:23]} 18. b4 {[%emt 0:03:16]} e4 {[%emt 0:06:25]} 19. Rfe1 {[%emt 0:00:55]} Bf7 {[%emt 0:17:44]} 20. Rab1 {[%emt 0:21:19]} exd3 {[%emt 0:02:43]} 21. Qxd3 {[%emt 0:00:11]} Qd7 {[%emt 0:03:29]} 22. Nf3 {[%emt 0:07:31]} Rac8 {[%emt 0:07:31]} 23. Rxe8+ {[%emt 0:03:43]} Rxe8 {[%emt 0:00:08]} 24. Rd1 {[%emt 0:00:07]} Rd8 {[%emt 0:00:31]} 25. Re1 {[%emt 0:03:07]} h6 {[%emt 0:05:25]} 26. h4 {[%emt 0:01:16]} f4 {[%emt 0:02:00]} 27. Kh2 {[%emt 0:00:22]} fxg3+ {[%emt 0:00:10]} 28. fxg3 {[%emt 0:00:04]} Be6 {[%emt 0:03:01]} 29. Nd2 {[%emt 0:08:53]} Ne5 {[%emt 0:00:39]} 30. Qe4 {[%emt 0:10:29]} b5 {[%emt 0:00:40]} 31. cxb5 {[%emt 0:01:03]} axb5 {[%emt 0:00:18]} 32. Qb1 {[%emt 0:03:30]} Ng4+ {[%emt 0:00:39]} 33. Kh1 {[%emt 0:00:28]} Ne3 {[%emt 0:01:25]} 34. Ne4 {[%emt 0:01:14]} Be7 {[%emt 0:00:09]} 35. Qd3 {[%emt 0:01:04]} Nxg2 {[%emt 0:01:35]} 36. Kxg2 {[%emt 0:00:02]} Qd5 {[%emt 0:00:38]} 37. Kh2 {[%emt 0:02:36]} Qf5 {[%emt 0:00:22]} 38. Qf1 {[%emt 0:01:04]} Qxf1 {[%emt 0:00:57]} 39. Rxf1 {[%emt 0:00:01]} d3 {[%emt 0:00:09]} 40. Rd1 {[%emt 0:00:52]} Bf5 {[%emt 0:00:28]} 41. Nf2 {[%emt 0:00:21]} Rd5 {[%emt 0:00:59]} 42. Kg2 {[%emt 0:01:42]} g5 {[%emt 0:00:04]} 43. h5 {[%emt 0:03:15]} g4 {[%emt 0:00:31]} 44. Bc1 {[%emt 0:00:09]} Kg7 {[%emt 0:00:44]} 45. Bf4 {[%emt 0:03:56]} Bg5 {[%emt 0:00:07]} 46. Bxg5 {[%emt 0:00:45]} hxg5 {[%emt 0:00:04]} 47. Rd2 {[%emt 0:01:06]} Kf6 {[%emt 0:00:09]} 48. Nd1 {[%emt 0:00:11]} Ke5 {[%emt 0:00:27]} 49. Ne3 {[%emt 0:00:49]} Be4+ {[%emt 0:00:05]} 50. Kf2 {[%emt 0:00:03]} Rd8 {[%emt 0:00:08]} 51. Nxg4+ {[%emt 0:00:19]} Kd4 {[%emt 0:00:06]} 52. h6 {[%emt 0:00:07]} Kc3 {[%emt 0:02:20]} 53. Ke3 {[%emt 0:01:58]} Bg6 {[%emt 0:00:44]} 54. Nf6 {[%emt 0:00:38]} Rd6 {[%emt 0:00:16] Kd4+} 0-1

[Event "2nd Goa GM Open 2019"]
[Site "Goa"]
[Date "2019.06.20"]
[Round "4.14"]
[White "Rohith Krishna S"]
[Black "Anurag, Mhamal"]
[Result "1/2-1/2"]
[WhiteElo "2347"]
[BlackElo "2497"]
[Annotator "ChessBase"]
[PlyCount "59"]
[EventDate "2019.06.17"]
[EventType "swiss"]
[EventCountry "IND"]
[SourceTitle "playchess.com"]
[Source "ChessBase"]
[SourceQuality "1"]
[TimeControl "5400+30"]

1. Nf3 {[%emt 0:00:00]} Nf6 {[%emt 0:02:39]} 2. d4 {[%emt 0:00:00]} c5 {[%emt 0:00:41]} 3. e3 {[%emt 0:00:41]} g6 {[%emt 0:00:13]} 4. Be2 {[%emt 0:00:26]} Bg7 {[%emt 0:00:04]} 5. O-O {[%emt 0:00:05]} cxd4 {[%emt 0:09:10]} 6. exd4 {[%emt 0:00:31]} O-O {[%emt 0:00:10]} 7. d5 {[%emt 0:10:40]} d6 8. c4 {[%emt 0:02:47]} Ne4 {[%emt 0:15:15]} 9. Qc2 {[%emt 0:07:22]} Nc5 {[%emt 0:00:27]} 10. Be3 {[%emt 0:04:26]} Bf5 {[%emt 0:02:37]} 11. Qd2 {[%emt 0:00:53]} Ne4 {[%emt 0:03:14]} 12. Qc1 {[%emt 0:00:49]} Na6 {[%emt 0:00:16]} 13. Nd4 {[%emt 0:05:12]} Bd7 {[%emt 0:12:56]} 14. Nc3 {[%emt 0:05:20]} Nxc3 {[%emt 0:01:47]} 15. Qxc3 {[%emt 0:02:16]} Nc5 {[%emt 0:06:39]} 16. Rfd1 {[%emt 0:08:20]} a5 {[%emt 0:10:00]} 17. Qd2 {[%emt 0:06:46]} a4 {[%emt 0:08:07]} 18. Bh6 {[%emt 0:05:31]} Ne4 {[%emt 0:07:58]} 19. Qe3 {[%emt 0:02:00]} Bxh6 {[%emt 0:00:17]} 20. Qxh6 {[%emt 0:00:06]} Nf6 {[%emt 0:00:42]} 21. Qd2 {[%emt 0:03:56]} Qb6 {[%emt 0:00:53]} 22. Rac1 {[%emt 0:02:01]} Rfc8 {[%emt 0:03:31]} 23. Bf1 {[%emt 0:01:49]} Re8 {[%emt 0:04:08]} 24. h3 {[%emt 0:02:05]} Rf8 {[%emt 0:00:00]} 25. Be2 {[%emt 0:00:00]} Rfc8 {[%emt 0:00:00]} 26. Bf1 {[%emt 0:00:00]} Re8 {[%emt 0:02:26]} 27. Qe3 {[%emt 0:01:30]} Qa5 {[%emt 0:00:30]} 28. Qd2 Qb6 29. Qe3 Qa5 30. Qd2 1/2-1/2

[Event "2nd Goa GM Open 2019"]
[Site "Goa"]
[Date "2019.06.20"]
[Round "4.15"]
[White "Sidhant, Mohapatra"]
[Black "Kunte, Abhijit"]
[Result "1/2-1/2"]
[WhiteElo "2351"]
[BlackElo "2478"]
[Annotator "ChessBase"]
[PlyCount "36"]
[EventDate "2019.06.17"]
[EventType "swiss"]
[EventCountry "IND"]
[SourceTitle "playchess.com"]
[Source "ChessBase"]
[SourceQuality "1"]
[TimeControl "5400+30"]

1. e4 {[%emt 0:00:00]} e5 {[%emt 0:02:30]} 2. Nf3 {[%emt 0:00:47]} Nc6 {[%emt 0:02:07]} 3. Bb5 {[%emt 0:00:25]} a6 {[%emt 0:00:13]} 4. Ba4 {[%emt 0:00:05]} Nf6 {[%emt 0:00:07]} 5. O-O {[%emt 0:00:41]} Be7 {[%emt 0:00:06]} 6. d3 {[%emt 0:00:15]} d6 {[%emt 0:00:58]} 7. c3 {[%emt 0:00:14]} O-O {[%emt 0:08:03]} 8. Nbd2 {[%emt 0:01:08]} Re8 {[%emt 0:00:26]} 9. Re1 {[%emt 0:00:21]} Bf8 {[%emt 0:00:34]} 10. Nf1 {[%emt 0:00:52]} h6 {[%emt 0:04:36]} 11. Ng3 {[%emt 0:00:31]} b5 {[%emt 0:01:45]} 12. Bc2 {[%emt 0:00:09]} g6 {[%emt 0:02:28]} 13. h3 {[%emt 0:01:03]} Bd7 {[%emt 0:00:47]} 14. Bd2 {[%emt 0:05:45]} Bg7 {[%emt 0:01:46]} 15. Qc1 {[%emt 0:00:48]} Kh7 {[%emt 0:00:08]} 16. Qd1 {[%emt 0:00:10]} Kg8 {[%emt 0:01:07]} 17. Qc1 {[%emt 0:00:04]} Kh7 {[%emt 0:00:06]} 18. Qd1 {[%emt 0:00:04]} Kg8 {[%emt 0:01:27]} 1/2-1/2

[Event "2nd Goa GM Open 2019"]
[Site "Goa"]
[Date "2019.06.20"]
[Round "4.16"]
[White "Vignesh N R"]
[Black "Ram, S. Krishnan"]
[Result "1/2-1/2"]
[WhiteElo "2459"]
[BlackElo "2152"]
[Annotator "ChessBase"]
[PlyCount "62"]
[EventDate "2019.06.17"]
[EventType "swiss"]
[EventCountry "IND"]
[SourceTitle "playchess.com"]
[Source "ChessBase"]
[SourceQuality "1"]
[TimeControl "5400+30"]

1. e4 {[%emt 0:00:00]} c5 {[%emt 0:00:00]} 2. Nf3 {[%emt 0:00:00]} d6 {[%emt 0:00:13]} 3. d4 {[%emt 0:02:56]} cxd4 {[%emt 0:00:03]} 4. Nxd4 {[%emt 0:00:04]} Nf6 {[%emt 0:00:09]} 5. Nc3 {[%emt 0:00:02]} g6 {[%emt 0:00:07]} 6. Be3 {[%emt 0:00:29]} Bg7 {[%emt 0:00:03]} 7. f3 {[%emt 0:00:10]} O-O {[%emt 0:00:05]} 8. Qd2 {[%emt 0:00:03]} Nc6 9. O-O-O {[%emt 0:00:05]} Nxd4 {[%emt 0:00:19]} 10. Bxd4 {[%emt 0:00:12]} Be6 {[%emt 0:00:03]} 11. Kb1 {[%emt 0:00:51]} Qc7 {[%emt 0:00:06]} 12. h4 {[%emt 0:04:49]} Rfc8 {[%emt 0:00:06]} 13. h5 {[%emt 0:02:39]} Qa5 {[%emt 0:11:34]} 14. a3 {[%emt 0:08:31]} Rab8 {[%emt 0:05:22]} 15. hxg6 {[%emt 0:02:37]} hxg6 {[%emt 0:03:01]} 16. Ne2 {[%emt 0:26:32]} Qxd2 {[%emt 0:02:09]} 17. Rxd2 {[%emt 0:00:02]} a6 {[%emt 0:04:07]} 18. Nf4 {[%emt 0:00:55]} Nd7 {[%emt 0:05:37]} 19. Nxe6 {[%emt 0:14:23]} fxe6 {[%emt 0:00:13]} 20. Ba7 {[%emt 0:00:14]} Ra8 {[%emt 0:00:07]} 21. Be3 {[%emt 0:00:07]} Kf7 {[%emt 0:00:12]} 22. Be2 {[%emt 0:00:57]} Rh8 {[%emt 0:00:06]} 23. Rdd1 {[%emt 0:00:05]} Rxh1 {[%emt 0:00:07]} 24. Rxh1 {[%emt 0:00:02]} Rh8 {[%emt 0:00:06]} 25. Rxh8 {[%emt 0:00:08]} Bxh8 {[%emt 0:00:02]} 26. c4 {[%emt 0:00:41]} Ne5 {[%emt 0:00:35]} 27. Kc2 {[%emt 0:00:44]} Nc6 {[%emt 0:00:07]} 28. b4 {[%emt 0:00:34]} Nd4+ {[%emt 0:00:07]} 29. Kd3 {[%emt 0:00:27]} Nxe2 {[%emt 0:00:09]} 30. Kxe2 {[%emt 0:00:03]} Ke8 {[%emt 0:00:07]} 31. Kd3 {[%emt 0:00:02]} Kd7 {[%emt 0:00:06]} 1/2-1/2

[Event "2nd Goa GM Open 2019"]
[Site "Goa"]
[Date "2019.06.20"]
[Round "4.17"]
[White "Rathnakaran, K.."]
[Black "Nguyen, Van Huy"]
[Result "0-1"]
[WhiteElo "2338"]
[BlackElo "2456"]
[Annotator "ChessBase"]
[PlyCount "62"]
[EventDate "2019.06.17"]
[EventType "swiss"]
[EventCountry "IND"]
[SourceTitle "playchess.com"]
[Source "ChessBase"]
[SourceQuality "1"]
[TimeControl "5400+30"]

1. e4 {[%emt 0:00:00]} c6 {[%emt 0:00:05]} 2. d3 {[%emt 0:00:00]} d5 {[%emt 0:00:46]} 3. Nd2 {[%emt 0:00:00]} e5 {[%emt 0:00:46]} 4. g3 {[%emt 0:00:00]} Bd6 {[%emt 0:01:45]} 5. Bg2 {[%emt 0:00:08]} Nf6 {[%emt 0:00:08]} 6. Ngf3 O-O {[%emt 0:00:12]} 7. O-O {[%emt 0:00:23]} Bg4 {[%emt 0:00:22]} 8. h3 {[%emt 0:00:10]} Bh5 {[%emt 0:00:04]} 9. Qe1 {[%emt 0:00:19]} Nbd7 {[%emt 0:00:17]} 10. Nh4 {[%emt 0:00:39]} Re8 {[%emt 0:02:16]} 11. f4 {[%emt 0:12:06]} exf4 {[%emt 0:12:58]} 12. gxf4 {[%emt 0:00:30]} dxe4 {[%emt 0:00:40]} 13. dxe4 {[%emt 0:00:07]} Be7 {[%emt 0:05:35]} 14. Nf5 {[%emt 0:04:25]} Bc5+ {[%emt 0:01:40]} 15. Kh2 {[%emt 0:01:01]} Bg6 {[%emt 0:01:21]} 16. Ng3 {[%emt 0:03:13]} Nxe4 {[%emt 0:03:57]} 17. Ndxe4 {[%emt 0:01:20]} f5 {[%emt 0:00:11]} 18. Qc3 {[%emt 0:04:24]} fxe4 {[%emt 0:00:33]} 19. Rd1 {[%emt 0:01:50]} Bf2 {[%emt 0:05:09]} 20. f5 {[%emt 0:11:26]} e3 {[%emt 0:10:50]} 21. Kh1 {[%emt 0:34:36]} Bxg3 {[%emt 0:03:59]} 22. Bxe3 {[%emt 0:01:46]} Bxf5 {[%emt 0:02:27]} 23. Qb3+ {[%emt 0:01:49]} Be6 {[%emt 0:00:46]} 24. Qxb7 {[%emt 0:00:12]} Qh4 {[%emt 0:00:47]} 25. Rd4 {[%emt 0:04:40]} Qh5 {[%emt 0:00:46]} 26. Qxc6 {[%emt 0:00:05]} Rac8 {[%emt 0:01:06]} 27. Qb7 {[%emt 0:01:36]} Nf6 {[%emt 0:01:36]} 28. Qf3 {[%emt 0:06:29]} Qxf3 {[%emt 0:00:18]} 29. Bxf3 {[%emt 0:00:03]} Bxh3 {[%emt 0:00:20]} 30. Rd3 {[%emt 0:00:40]} Bf5 {[%emt 0:01:05]} 31. Rb3 {[%emt 0:00:05]} Bxc2 {[%emt 0:00:36]} 0-1

[Event "2nd Goa GM Open 2019"]
[Site "Goa"]
[Date "2019.06.20"]
[Round "4.18"]
[White "Khusenkhojaev, Muhammad"]
[Black "Aaryan Varshney"]
[Result "1/2-1/2"]
[WhiteElo "2446"]
[BlackElo "2196"]
[Annotator "NA"]
[PlyCount "144"]
[EventDate "2019.06.17"]
[EventType "swiss"]
[EventCountry "IND"]
[SourceTitle "playchess.com"]
[Source "ChessBase"]
[SourceQuality "1"]
[TimeControl "5400+30"]

1. Nf3 {[%emt 0:00:00]} Nf6 {[%emt 0:00:00]} 2. c4 {[%emt 0:00:00]} e6 {[%emt 0:00:00]} 3. Nc3 {[%emt 0:00:00]} d5 {[%emt 0:00:00]} 4. d4 {[%emt 0:00:00]} Be7 {[%emt 0:00:00]} 5. Bg5 {[%emt 0:00:24]} O-O {[%emt 0:00:00]} 6. e3 {[%emt 0:00:05]} h6 {[%emt 0:00:05]} 7. Bh4 {[%emt 0:00:06]} b6 {[%emt 0:00:10]} 8. Rc1 {[%emt 0:00:22]} Bb7 {[%emt 0:00:11]} 9. cxd5 {[%emt 0:00:41]} Nxd5 {[%emt 0:00:17]} 10. Bxe7 {[%emt 0:02:17]} Qxe7 {[%emt 0:00:42]} 11. Be2 {[%emt 0:01:12]} Nf6 {[%emt 0:01:17]} 12. O-O {[%emt 0:02:03]} Nbd7 {[%emt 0:00:09]} 13. Qa4 {[%emt 0:01:44]} c5 {[%emt 0:00:30]} 14. Qa3 {[%emt 0:00:24]} Rfc8 {[%emt 0:03:22]} 15. Na4 Ne4 {[%emt 0:03:01]} 16. Bb5 {[%emt 0:04:32]} Ng5 {[%emt 0:05:10]} 17. Ne1 {[%emt 0:03:46]} Ne4 {[%emt 0:17:37]} 18. f3 {[%emt 0:02:19]} Nd6 {[%emt 0:00:46]} 19. Bxd7 {[%emt 0:00:30]} Qxd7 {[%emt 0:00:01]} 20. dxc5 {[%emt 0:00:20]} Ba6 {[%emt 0:01:15]} 21. Rf2 {[%emt 0:15:14]} Nc4 {[%emt 0:01:28]} 22. Qb3 {[%emt 0:04:11]} b5 {[%emt 0:07:01]} 23. Nc3 {[%emt 0:00:48]} Rc7 24. c6 Rxc6 {[%emt 0:00:40]} 25. Rd1 {[%emt 0:00:53]} Rc5 {[%emt 0:01:11]} 26. Nd3 {[%emt 0:06:44]} Qc7 {[%emt 0:16:25]} 27. g4 {[%emt 0:00:19]} Rg5 {[%emt 0:00:19]} 28. Re1 {[%emt 0:07:26]} Ne5 {[%emt 0:11:44]} 29. Ne4 {[%emt 0:15:50]} Nxd3 {[%emt 0:01:12]} 30. Qxd3 {[%emt 0:00:01]} Rd5 {[%emt 0:00:21]} 31. Qc3 {[%emt 0:00:37]} Qxc3 {[%emt 0:06:19]} 32. Nxc3 {[%emt 0:00:10]} Rd3 {[%emt 0:01:00]} 33. Rc2 {[%emt 0:01:45]} Rc8 {[%emt 0:00:48]} 34. a3 {[%emt 0:00:10]} Bb7 {[%emt 0:01:03]} 35. Kf2 {[%emt 0:00:06]} a5 {[%emt 0:00:32]} 36. Rec1 {[%emt 0:00:12]} b4 {[%emt 0:01:04]} 37. axb4 {[%emt 0:00:33]} axb4 {[%emt 0:00:01]} 38. Ne2 {[%emt 0:04:00]} Rxc2 {[%emt 0:00:47]} 39. Rxc2 {[%emt 0:00:01]} b3 {[%emt 0:00:33]} 40. Rc7 {[%emt 0:01:59]} Ba6 {[%emt 0:00:28]} 41. Rc6 {[%emt 0:00:41]} Bb5 {[%emt 0:01:46]} 42. Rc5 {[%emt 0:00:15]} Ba6 {[%emt 0:01:25]} 43. Rc6 {[%emt 0:01:19]} Bb5 {[%emt 0:04:20]} 44. Rc5 {[%emt 0:02:20]} Ba6 {[%emt 0:00:21]} 45. Ra5 {[%emt 0:00:06]} Bb7 {[%emt 0:00:40]} 46. Rb5 {[%emt 0:00:09]} Bc6 {[%emt 0:01:29]} 47. Rb8+ {[%emt 0:00:34]} Kh7 {[%emt 0:00:07]} 48. Nd4 {[%emt 0:00:08]} Bd5 {[%emt 0:00:46]} 49. Rb4 {[%emt 0:05:10]} Rd2+ {[%emt 0:00:15]} 50. Ke1 {[%emt 0:00:33]} Rxb2 {[%emt 0:00:59]} 51. e4 {[%emt 0:00:05]} Ba8 {[%emt 0:00:43]} 52. h4 {[%emt 0:02:07]} Rb1+ {[%emt 0:01:14]} 53. Kd2 {[%emt 0:00:08]} b2 {[%emt 0:00:24]} 54. h5 {[%emt 0:05:36]} e5 {[%emt 0:00:51]} 55. Nc2 {[%emt 0:00:05]} Rf1 {[%emt 0:00:26]} 56. Ne1 {[%emt 0:00:05]} g6 {[%emt 0:03:49]} 57. hxg6+ {[%emt 0:00:11]} Kxg6 {[%emt 0:00:15]} 58. Ke2 {[%emt 0:00:27]} Rh1 {[%emt 0:00:54]} 59. Kf2 {[%emt 0:00:04]} h5 {[%emt 0:01:32]} 60. gxh5+ {[%emt 0:00:04]} Rxh5 {[%emt 0:00:10]} 61. Rxb2 {[%emt 0:00:21]} Rh8 {[%emt 0:03:01]} 62. Rb6+ {[%emt 0:00:24]} Kg5 {[%emt 0:00:31]} 63. Nd3 {[%emt 0:01:45]} f6 {[%emt 0:00:07]} 64. Kg3 {[%emt 0:01:23]} Rc8 {[%emt 0:00:31]} 65. Rd6 {[%emt 0:00:58]} Rc3 {[%emt 0:00:57]} 66. Rd8 {[%emt 0:04:26]} Bb7 {[%emt 0:01:19]} 67. Nf2 {[%emt 0:01:43]} f5 {[%emt 0:01:04]} 68. Re8 {[%emt 0:01:12]} fxe4 {[%emt 0:00:26]} 69. Rxe5+ {[%emt 0:00:19]} Kf6 {[%emt 0:00:13]} 70. Rxe4 {[%emt 0:00:44]} Rxf3+ {[%emt 0:00:14]} 71. Kxf3 {[%emt 0:00:04]} Bxe4+ {[%emt 0:00:03]} 72. Nxe4+ {[%emt 0:00:06]} Ke5 1/2-1/2

[Event "2nd Goa GM Open 2019"]
[Site "Goa"]
[Date "2019.06.20"]
[Round "4.19"]
[White "Karthik Rajaa"]
[Black "Stupak, Kirill"]
[Result "0-1"]
[WhiteElo "2080"]
[BlackElo "2584"]
[Annotator "TA"]
[PlyCount "76"]
[EventDate "2019.06.17"]
[EventType "swiss"]
[EventCountry "IND"]
[SourceTitle "playchess.com"]
[Source "ChessBase"]
[SourceQuality "1"]

{[%evp 9,102,29,36,36,80,67,69,32,39,38,116,118,98,27,53,0,0,-13,-12,-27,0,0,25,22,39,0,0,0,27,-9,-16,-46,-52,-53,-51,-64,-18,-74,-67,-84,-74,-80,-87,-108,-60,-348,-360,-418,-425,-421,-421,-421,-414,-413,-417,-399,-404,-466,-445,-437,-289,-289,-289,-320,-320,-320,-320,-312,-291,-293,-293,-293,-293,-285,-286,-442,-442,-442,-442,-441,-362,-507,-355,-754,-745,-864,-865,-1301,-1308,-1281,-1258,-1262,-1218,-1777,-674]} 1. Nf3 g6 2. g3 Bg7 3. Bg2 d5 4. d4 e6 5. O-O Ne7 6. Nc3 {D02: 1 d4 d5 2 Nf3 sidelines, including 2...Nf6 3 g3 and 2...Nf6 3 Bf4} c5 $146 ({Predecessor:} 6... Nbc6 7. Bf4 a6 8. e4 h6 9. Ne5 Nxe5 10. Bxe5 Bxe5 11. dxe5 d4 12. Ne2 c5 13. c3 {½-½ (55) Repka,C (2487)-Bernadskiy,V (2583) Krakow 2017}) 7. dxc5 O-O 8. Bf4 {White is slightly better.} Nbc6 9. Bd6 f5 ({Black should try} 9... b6 $1 $14) 10. e3 Bd7 11. Nd4 ({Better is} 11. Rb1 $16) 11... Rf7 $1 $11 12. Ndb5 (12. h4 $14) 12... a6 13. Bxe7 Nxe7 14. Nd4 Qc7 15. Nb3 Rff8 16. Qd2 Rad8 17. Ne2 Bxb2 18. Rab1 Bf6 (18... Bg7 {keeps more tension.} 19. Rfd1 Nc6 20. Nbd4 Rfe8 21. Nf4 Qc8) 19. Qa5 Rc8 20. Qxc7 Rxc7 21. Rfc1 Rb8 22. Nf4 Kf7 23. Nd3 (23. c4 $11 {keeps the balance.}) 23... Bb5 24. f4 Nc6 25. Bf1 Bc3 26. a3 Na7 27. Nd4 $2 {[%mdl 8192]} (27. Kf2 $15) 27... Bxd3 $19 28. cxd3 Bd2 {[%mdl 64] [#] Double Attack} 29. Kf2 Bxc1 30. Rxc1 b6 31. Nb3 bxc5 32. Nxc5 Rb2+ 33. Kf3 Nb5 34. d4 a5 35. Bxb5 Rxb5 {[%mdl 4096] Endgame KRR-KRN} 36. a4 Rb2 37. h3 Ke7 38. g4 Rc6 {Played: Rc7-c8} 0-1

[Event "2nd Goa GM Open 2019"]
[Site "Goa"]
[Date "2019.06.20"]
[Round "4.20"]
[White "Aleksandrov, Aleksej"]
[Black "Raahul V S"]
[Result "1-0"]
[WhiteElo "2588"]
[BlackElo "2292"]
[Annotator "TA"]
[PlyCount "130"]
[EventDate "2019.06.17"]
[EventType "swiss"]
[EventCountry "IND"]
[SourceTitle "playchess.com"]
[Source "ChessBase"]
[SourceQuality "1"]

{[%evp 15,130,11,15,17,31,19,41,41,57,43,67,52,54,36,41,45,60,56,53,45,61,39,94,98,93,92,84,87,109,97,100,33,35,18,145,117,121,115,100,101,148,144,212,214,207,198,211,177,246,0,216,0,206,166,271,210,218,220,200,181,189,140,175,173,164,172,175,129,171,41,139,64,57,49,54,49,44,52,143,176,176,170,163,146,162,126,196,185,177,134,183,160,152,161,137,145,148,157,160,151,315,315,402,402,536,551,554,547,535,531,506,506,499,484,477,438,477]} 1. d4 Nf6 2. c4 g6 3. Nc3 Bg7 4. e4 d6 5. Be2 O-O 6. Bg5 Na6 7. Nf3 e5 8. O-O h6 9. Be3 {E94: King's Indian: Classical: 6 Be2 e5 7 0-0: Various Black 7th moves} Ng4 10. Bc1 Re8 (10... exd4 11. Nxd4 Qf6 12. Nb3 Qh4 13. Bf4 Be5 14. Bxe5 dxe5 15. h3 Nf6 {½-½ (30) Gelfand,B (2777)-Naiditsch,A (2718) Wijk aan Zee 2014}) 11. d5 {White is slightly better.} f5 12. g3 $146 ({Predecessor:} 12. Ne1 Nf6 13. f3 f4 14. g4 Nh7 15. Ng2 Bf6 16. Bd2 h5 {0-1 (44) Georgiadis,A (1944)-Nikolaou,G (2271) Greece 2008}) 12... Nc5 13. Nh4 Nf6 $1 14. exf5 g5 15. Ng2 Bxf5 16. h4 gxh4 17. Nxh4 Bh7 18. Be3 Nce4 (18... a5 $14) 19. Nxe4 $1 $16 Nxe4 20. Bd3 Qd7 21. Qh5 Qf7 22. Qxf7+ Kxf7 23. Kg2 (23. f3 $16 Nf6 24. Nf5) 23... Bf6 $1 $14 24. Rh1 $36 {[%mdl 2048] Threatening f3. White is more active.} h5 (24... Rh8 $1 $11 {remains equal.}) 25. Be2 Rg8 26. Bxh5+ Ke7 27. Be2 c6 28. Rad1 Raf8 (28... cxd5 $16 {is a better defense.} 29. Rxd5 Ng5) 29. Bd3 $18 ({And not} 29. Bxa7 Ra8 $11) 29... Rf7 30. Nf3 ({But not} 30. Bxa7 $6 Rfg7 $16) 30... Bg6 31. Rhe1 Bh7 (31... cxd5 {was necessary.} 32. cxd5 b6) 32. Rh1 Bg6 $1 33. Rhe1 $2 ({White should play} 33. Bxa7 $18 {Hoping for Bb1.} cxd5 34. cxd5) 33... a6 $2 (33... Bh7 $1 $11 {and Black has nothing to worry.}) 34. Bb6 Ng5 (34... cxd5 $142 35. cxd5 Ng5) 35. Bxg6 Nxf3 36. Bxf7 ({Don't play} 36. Kxf3 $6 Rxg6 37. c5 Bg7+ 38. Kg2 Kd7 $16) 36... Nxe1+ 37. Rxe1 Kxf7 {[%mdl 4096] Endgame KRB-KRB} 38. Rh1 cxd5 39. cxd5 Rc8 40. Be3 Kg6 41. Kf3 Rc2 42. Ke4 (42. Rh6+ $18 Kg7 43. Ke4) 42... Bg5 (42... Bg7 $14) 43. Bxg5 ({White should try} 43. b3 $16) 43... Kxg5 $16 {KR-KR} 44. f4+ {[%mdl 64] Double Attack} Kg6 45. fxe5 Re2+ 46. Kd4 Rd2+ (46... Rxe5 $14 47. Rh8 Rg5) 47. Kc3 Rxd5 48. exd6 Rxd6 49. Rf1 Rc6+ 50. Kb3 Rb6+ (50... Kg7 $16) 51. Ka3 $1 $18 Rb5 52. Rf4 Rd5 53. Rf8 Ra5+ 54. Kb3 Rb5+ 55. Kc3 Rc5+ 56. Kd3 Rb5 57. b3 Ra5 $2 (57... b6 $16 58. Rc8 Kf7) 58. a4 b5 59. Rf4 Kg5 60. Kc3 {White is clearly winning.} bxa4 61. Rxa4 Rc5+ {[#]} 62. Kb4 $1 {[%cal Rb4c5]} Rb5+ {[#]} 63. Ka3 $1 Rb6 64. Rc4 Rd6 65. Ka4 Rd3 {Accuracy: White = 61%, Black = 43%.} 1-0

[Event "2nd Goa GM Open 2019"]
[Site "Goa"]
[Date "2019.06.20"]
[Round "4.21"]
[White "Gajwa Ankit"]
[Black "Turov, Maxim"]
[Result "1/2-1/2"]
[WhiteElo "2273"]
[BlackElo "2579"]
[Annotator "ChessBase"]
[PlyCount "60"]
[EventDate "2019.06.17"]
[EventType "swiss"]
[EventCountry "IND"]
[SourceTitle "playchess.com"]
[Source "ChessBase"]
[SourceQuality "1"]
[TimeControl "5400+30"]

1. e4 {[%emt 0:02:38]} c5 {[%emt 0:00:00]} 2. Nf3 {[%emt 0:00:15]} Nc6 {[%emt 0:00:00]} 3. d4 {[%emt 0:00:18]} cxd4 {[%emt 0:00:00]} 4. Nxd4 {[%emt 0:00:04]} e5 {[%emt 0:00:00]} 5. Nb5 {[%emt 0:00:13]} d6 {[%emt 0:00:00]} 6. N1c3 {[%emt 0:00:22]} a6 {[%emt 0:00:08]} 7. Na3 {[%emt 0:00:05]} Be7 {[%emt 0:01:08]} 8. Nc4 {[%emt 0:00:38]} b5 {[%emt 0:06:35]} 9. Ne3 {[%emt 0:00:09]} Nf6 {[%emt 0:00:05]} 10. g3 {[%emt 0:01:38]} h5 {[%emt 0:00:41]} 11. Bg2 {[%emt 0:00:49]} h4 {[%emt 0:01:26]} 12. O-O {[%emt 0:01:57]} hxg3 {[%emt 0:08:35]} 13. fxg3 {[%emt 0:02:25]} Nd4 {[%emt 0:05:26]} 14. Ncd5 {[%emt 0:02:01]} Nxd5 {[%emt 0:00:57]} 15. Nxd5 {[%emt 0:06:43]} Be6 {[%emt 0:04:25]} 16. c3 {[%emt 0:08:06]} Nc6 {[%emt 0:00:16]} 17. Be3 {[%emt 0:02:19]} Rb8 {[%emt 0:00:06]} 18. a4 {[%emt 0:11:45]} b4 {[%emt 0:02:59]} 19. a5 {[%emt 0:06:34]} bxc3 {[%emt 0:04:13]} 20. bxc3 {[%emt 0:00:37]} O-O {[%emt 0:09:36]} 21. Qe2 {[%emt 0:06:43]} Rb5 {[%emt 0:20:49]} 22. Bb6 {[%emt 0:02:36]} Qc8 {[%emt 0:08:16]} 23. Nc7 {[%emt 0:21:04]} Rb3 {[%emt 0:08:45]} 24. Qxa6 {[%emt 0:01:03]} Qxa6 {[%emt 0:00:46]} 25. Nxa6 {[%emt 0:00:59]} Bc4 {[%emt 0:00:12]} 26. Nc7 {[%emt 0:00:47]} Bxf1 {[%emt 0:01:23]} 27. Bxf1 {[%emt 0:00:22]} Rb8 {[%emt 0:00:09]} 28. Bb5 {[%emt 0:11:45]} Nxa5 {[%emt 0:05:28]} 29. Bxa5 {[%emt 0:01:26]} R3xb5 {[%emt 0:03:46]} 30. Nxb5 {[%emt 0:00:06]} Rxb5 {[%emt 0:00:08]} 1/2-1/2